Study Package for NTSE: (Record no. 174018)
[ view plain ]
| 000 -LEADER | |
|---|---|
| fixed length control field | 00734nam a22002537a 4500 |
| 005 - DATE AND TIME OF LATEST TRANSACTION | |
| control field | 20200316102708.0 |
| 010 ## - LCCN (DPL NO) | |
| LC control number | ENG-128038 |
| 020 ## - INTERNATIONAL STANDARD BOOK NUMBER | |
| International Standard Book Number | 9789387432628 |
| Terms of availability | 865.00 |
| 035 ## - SYSTEM CONTROL NUMBER | |
| System control number | EN-111570 |
| 037 ## - SOURCE OF ACQUISITION | |
| Source of stock number/acquisition | DBAD/PUB |
| 082 ## - DEWEY DECIMAL CLASSIFICATION NUMBER | |
| Classification number | 000 |
| 100 ## - MAIN ENTRY--PERSONAL NAME | |
| Personal name | Malhotra,Stalin |
| 245 ## - TITLE STATEMENT | |
| Title | Study Package for NTSE: |
| Statement of responsibility, etc | by Stalin Malhotra...[et all.] |
| Remainder of title | Class X/ |
| 250 ## - EDITION STATEMENT | |
| Edition statement | 4th. |
| 260 ## - PUBLICATION, DISTRIBUTION, ETC. (IMPRINT) | |
| Place of publication, distribution, etc | Chennai |
| Name of publisher, distributor, etc | MC GRAW Hill Education |
| Date of publication, distribution, etc | 2019 |
| 270 ## - ADDRESS | |
| Address | 444/1,Sri Ekambarq Naicker Industrial Estate,Alapakkam |
| City | Chennai |
| 300 ## - PHYSICAL DESCRIPTION | |
| Extent | various pages. |
| Dimensions | 24cm(pbk) |
| 700 ## - ADDED ENTRY--PERSONAL NAME | |
| Personal name | Gulati,S.L |
| 700 ## - ADDED ENTRY--PERSONAL NAME | |
| Personal name | Dhawan,Prem |
| 700 ## - ADDED ENTRY--PERSONAL NAME | |
| Personal name | Gupta,Rachna |
| 700 ## - ADDED ENTRY--PERSONAL NAME | |
| Personal name | Vinay Kumar |
| 700 ## - ADDED ENTRY--PERSONAL NAME | |
| Personal name | Joon,Sanjeev |
| 942 ## - ADDED ENTRY ELEMENTS (KOHA) | |
| Source of classification or shelving scheme | Dewey Decimal Classification |
| Item type | English Books |
| Classification part | 000 |
| Call number suffix | MAL |
| Edition | . |
| Withdrawn status | Lost status | Not for loan | Collection code | Home library | Current library | Date acquired | Source of acquisition | Cost, normal purchase price | Full call number | Barcode | Copy number | Cost, replacement price | Koha item type |
|---|---|---|---|---|---|---|---|---|---|---|---|---|---|
| Non-fiction | Central Library | Central Library | 16/03/2020 | DBAD/PUB | 865.00 | 000 MAL | EN-111570 | 1 | 865.00 | English Books |
